000
00254nam a22001217a 4500
008
171123b xxu||||| |||| 00| 0 eng d
041
_a
eng
080
_a
37
100
_a
45
101
_a
EDU
245
_a
INFORMATION POWER
_c
JAMES.P
942
_2
udc
_c
BK
999
_c
38395
_d
38395